| 000 | 00496nam a22001337a 4500 | ||
|---|---|---|---|
| 040 | _cRUA | ||
| 082 | _aFIS SOT 2013 B185 Or.1 | ||
| 100 | _aSOTH, VITHUN | ||
| 245 | _aFish biodiversity in bokornational park, ជីវចម្រុះត្រីនៅឧទ្យានជាតិភ្នំបូកគោ | ||
| 260 |
_aPhnom Penh _bRUA _c2013 |
||
| 300 |
_axii,78p. _bill. _c29cm. |
||
| 856 | _uhttps://drive.google.com/file/d/1emBDRsk5y5G6iSqd4i7PsieTE3IfjEFn/view?usp=sharing | ||
| 942 | _cFIS | ||
| 999 |
_c4014 _d4014 |
||